Online Catalogue and eLibrary

Aranakata pembanda (Record no. 5368)

MARC details
000 -LEADER
fixed length control field 00437nam a2200169Ia 4500
005 - DATE AND TIME OF LATEST TRANSACTION
control field 20250626014651.0
008 - FIXED-LENGTH DATA ELEMENTS--GENERAL INFORMATION
fixed length control field 240331s9999 xx 000 0 und d
020 ## - INTERNATIONAL STANDARD BOOK NUMBER
ISBN 955962542X
082 ## - DDC Classification
Item Number - Author Mark SIN
Class No. 891
100 ## - MAIN ENTRY--PERSONAL NAME
Personal name Sinhaarachchi, C.L
245 #0 - TITLE STATEMENT
Title Aranakata pembanda
250 ## - EDITION STATEMENT
Edition statement 2nd
260 ## - PUBLICATION, DISTRIBUTION, ETC.
Place of publication, distribution, etc. Nugegoda
Name of publisher, distributor, etc. Wijesuriya Book Centre
Date of publication, distribution, etc. 2000
300 ## - PHYSICAL DESCRIPTION
Extent (e.g. Volumes, Pages etc.) 274 p .,
500 ## - GENERAL NOTE
General note Translation of Falling in love with a monster
942 ## - Koha item type (Biblio)
Koha item type Books in Stacks (Lending)
Holdings
Lost status Damaged status Collection code Home library Current library Shelving location Date acquired Full call number Accession Number Item type
    Lending WERC Library WERC Library Social Science Cupboard 03/31/2024 891.48 SIN 4655 Books in Stacks (Lending)

© WERC Library